مرجع الطلاب في قواعد النحو : (رقم التسجيلة. 225205)
[ عرض عادي ]
| 000 -الفاتح | |
|---|---|
| عناصر البيانات ثابتة الطول | 00752cam a2200181 i 4500 |
| 005 - تاريخ ووقت آخر معاملة | |
| حقل ضبط | 20260420131611.0 |
| 008 - عناصر البيانات ثابتة الطول | |
| عناصر البيانات ثابتة الطول | 250721s2002 le gr 000 0 ara d |
| 020 ## - الترقيم الدولي المعياري للكتب (ردمك) | |
| الترقيم الدولي المعياري للكتب (ردمك) | 274513020X |
| 082 14 - رقم تصنيف ديوي العشري | |
| رقم التصنيف | 415.1 |
| رقم المادة | ش م س |
| 100 1# - مدخل رئيسي – اسم شخصي | |
| الاسم الشخصي | شمس الدين، إبراهيم |
| علاقة الشخص بالعمل/ دوره | المؤلف. |
| 245 10 - بيان العنوان | |
| العنوان | مرجع الطلاب في قواعد النحو : |
| بقية العنوان | كتاب مبسط في مبادئ اللغة العربية / |
| بيان المسؤولية | اعداد إبراهيم شمس الدين ؛ مراجعة الأستاذ فوزية الطرمباتي. |
| 264 31 - بيانات النشر، التوزيع…إلخ | |
| مكان النشر، التوزيع...إلخ | بيروت : |
| اسم الناشر، الموزع...إلخ | دار الكتب العلمية، |
| تاريخ النشر، التوزيع...إلخ | 2002. |
| 300 ## - الوصف المادي | |
| عدد الوحدات المكونة للوعاء | 245 صفحة. |
| 650 17 - مدخل إضافي بالموضوع - مصطلح موضوعي | |
| مصطلح موضوعي أو اسم جغرافي كعنصر مدخل | قواعد اللغة. |
| 650 17 - مدخل إضافي بالموضوع - مصطلح موضوعي | |
| مصطلح موضوعي أو اسم جغرافي كعنصر مدخل | اللغة العربية. |
| 942 ## - بيانات إضافية (كوها) | |
| نوع التنصيف | Dewey Decimal Classification |
| نوع المادة (كوها) | كتب |
| حالة السحب | حالة الفقدان | مصدر التصنيف | حالة التلف | غير قابل للإعارة | المكتبة الرئيسية | المكتبة الحالية | موقع الرف | تاريخ التزويد | العملة | الرقم المتسلسل | Total Checkouts | رقم الإستدعاء | الباركود | تاريخ آخر ظهور | تاريخ الفاتورة | نوع المادة (كوها) |
|---|---|---|---|---|---|---|---|---|---|---|---|---|---|---|---|---|
| Dewey Decimal Classification | المكتبة المركزية | المكتبة المركزية | الإعارة | 20/04/2026 | JOD | 630463 | 415.1 / ش م س | 630463 | 20/04/2026 | 20/04/2026 | كتب |